1545 1831 1311 1900 1467 1168 1084 1854 1685 1709 1737 1803 1302 1313 1440 1367 1623 1235 1070 1370 1291 1603 1487 1769 1574 1846 1594 1363 1611 1054 1624 1036 1620 1180 1406 1227 1089 1072 1285 1749 1319 1169 1242 1808 1208 1905 1285 1079 1213 1595 1810 1317 1651 1475 1230 1795 1819 1462 1496 1915 1132 1536 1761 1323 1875 1593 1740 1584 1300 1328 1283 1080 1086 1162 1812 1286 1896 1362 1438 1631 1603 1999 1134 1734 1641 1965 1184 1024 1586 1854 1263 1342 1963 1816 1388 1714 1671 1333 1293 BCNSPRNW ULIB Ver.6.0+V

เปลี่ยนเป็นภาษาไทย

Change to English
 แสดงรายละเอียดบรรณานุกรม
  กลับหน้าหลัก

Brief Record : Get Marc (ISO 2709) : E-mail record : QR code < ปิดหน้าต่าง
LEADER : 00000nam 2200000uu 4500
001    13399124754
003     ULIB
008    160217s2558||||th 000 0 tha d
020    9786161127015
060  4 WY163^bจ533ก
100 0  จิราพร ศรีพิบูลย์บัติ
245 00 การพยาบาลผู้ป่วยโรคหอบหืด/^cจิราพร ศรีพิบูลย์บัติ
260    นครสวรรค์^bวิทยาลัยพยาบาลบรมราชชนนี สวรรค์ประชารักษ์ นครสวรรค์,^c2558
300    67 หน้า
650  7 โรคหอบหืด^xการพยาบาล
650  4 ระบบหายใจ
945    ^p0^l0^i000314
945    ^p0^l0^i008595
999    ^aเกษร โพธิ์สุวรรณ
รายการนี้ยังไม่มีแท็ก
คุณยังไม่ได้ล็อกอิน คุณสามารถมีกิจกรรมร่วมกับเว็บไซต์ได้ แต่ต้องล็อกอินก่อน ::
  ล็อกอิน

รายการสื่อสารสนเทศ

ลำดับที่ ประเภท เลขเรียก/บาร์โค้ด สถานที่ สถานะ
1. Book การพยาบาล
Book การพยาบาล
สถานะ=หนังสือเก่า
WY163 จ533ก ฉ.1 
  Barcode: 000314
ห้องสมุดวิทยาเขตสวรรค์ประชารักษ์
►ส่วนจัดเก็บหนังสือเก่า สปร
บนชั้น
  ขอยืม
2. Book การพยาบาล
Book การพยาบาล
สถานะ=หนังสือเก่า
WY163 จ533ก ฉ.2 
  Barcode: 008595
ห้องสมุดวิทยาเขตสวรรค์ประชารักษ์
►ส่วนจัดเก็บหนังสือเก่า สปร
บนชั้น
  ขอยืม

รายการใกล้เคียง
    ผู้แต่ง [จิราพร ศรีพิบูลย์บัติ]

    หัวเรื่อง [ระบบหายใจ]

BibComment


ยังไม่เคยถูกคอมเมนท์

คอมเมนท์ทรัพยากรรายการนี้
  คอมเมนท์: การพยาบาลผู้ป่วยโ..


 Copyright 2026. Bcnsprnw @Library